WW1 Key Leaders and Commanders - Statistics

General Stats
  • This quiz has been taken 45 times
  • The average score is 11 of 26
Answer Stats
Hint Answer % Correct
President of USA Woodrow Wilson
100%
David Lloyd George
90%
Leader of Germany Kaiser Wilhelm II
90%
King of UK George V
85%
Russian Tsar Tsar Nicholas II
85%
Led Bolshevik Revolution in 1917, and became leader of Russia, signing peace deal with Germany Vladimir Lenin
82%
Emperors of Austria-Hungary Franz Joseph I
59%
Chief of the General Staff, (later President of Germany) General Paul von Hindenburg
49%
French prime-minister at the end of the war Georges Clemenceau
49%
Prime-ministers of UK during WW1 Herbert Asquith
49%
King of Italy King Victor Emmanuel III
46%
Commander of BEF from 1915 Field Marshal Douglas Haig
38%
French Hero of Verdun, Commander during the end of the war General Philippe Pétain
38%
Karl I
38%
Minister of War and de facto leader of the Ottoman military Enver Pasha
28%
Co-led German military strategy with above General Erich Ludendorff
26%
Ottoman commander at Gallipoli, later founder of modern Turkey. Mustafa Kemal
26%
Commander of British fleet during battle of jutland Admiral John Jellicoe
23%
French Commander early in the war, led at the First Battle of the Marne General Joseph Joffre
23%
Architect of the German Navy Admiral Alfred von Tirpitz
21%
35th sultan of Ottoman empire Mehmed V
21%
French president Raymond Poincare
18%
Austrian commander General Conrad von Hötzendorf
13%
Chancellor of Germany up until 1917 Chancellor Theobald von Bethmann Hollweg
10%
Led the French Army in 1916–1917 General Robert Nivelle
10%
Commander of Russia in war Grand Duke Nicholas Nikolaevic
0%
No matching quizzes found
Score Distribution
Percent of People with Each Score
Percentile by Number Answered
Your Score History
You have not taken this quiz